Nihon no jōsei to Nihon Kyōsantō no nimmu ni kansuru hōshinsho : 32 nen tēze /

Saved in:
நூற்பட்டியல் விவரங்கள்
குழும எழுத்தாளர்: Communist International.
வடிவம்: புத்தகம்
மொழி:Japanese
வெளியீடப்பட்டது: Tōkyō : Nihon Kyōsantō Shuppankyoku, 1950.
பகுதிகள்:
குறியீடுகள்: குறிச்சொல் இணை
குறியீடுகள் இல்லை, இந்த குறிச்சொல்லை முதலில் பதிவு செய்யுங்கள்!
LEADER 00855nam a2200229 a 4500
001 007742627-4
005 20024617121422.0
008 941010s1950 ja 000 0 jpn d
035 0 |a ocm31459674 
040 |a CLSU  |c CLSU  |d *YNH*  |d CStRLIN 
043 |a a-ja--- 
245 0 0 |6 880-01  |a Nihon no jōsei to Nihon Kyōsantō no nimmu ni kansuru hōshinsho :  |b 32 nen tēze /  |c Kominterun. 
260 |6 880-02  |a Tōkyō :  |b Nihon Kyōsantō Shuppankyoku,  |c 1950. 
300 |a 82 p. ;  |c 19 cm. 
610 2 0 |6 880-03  |a Nihon Kyōsantō. 
650 0 |a Communism  |z Japan. 
710 2 |a Communist International. 
880 0 0 |6 245-01  |a 日本の情勢と日本共產党の任務に関する方針書 :  |b 32 年テーゼ /  |c コミンテルン. 
880 |6 260-02  |a 東京 :  |b 日本共產黨出版局,  |c 1950. 
880 2 0 |6 610-03  |a 日本共產党. 
988 |a 20021219 
906 |0 OCLC